Islam in South Asia in practice / (Record no. 1151)
[ view plain ]
| 000 -LEADER | |
|---|---|
| fixed length control field | 00658pam a2200205 4500 |
| 001 - CONTROL NUMBER | |
| control field | 1546 |
| 003 - CONTROL NUMBER IDENTIFIER | |
| control field | Uk |
| 005 - DATE AND TIME OF LATEST TRANSACTION | |
| control field | 20181127163506.0 |
| 008 - FIXED-LENGTH DATA ELEMENTS--GENERAL INFORMATION | |
| fixed length control field | 081202s2009 njuab 000 0 eng d |
| 020 ## - INTERNATIONAL STANDARD BOOK NUMBER | |
| International Standard Book Number | 0691044201 (pbk.) |
| International Standard Book Number | 069104421X (hbk.) |
| International Standard Book Number | 9780691044200 (pbk.) |
| International Standard Book Number | 9780691044217 (hbk.) |
| 245 00 - TITLE STATEMENT | |
| Title | Islam in South Asia in practice / |
| Statement of responsibility, etc. | Barbara D. Metcalf, editor. |
| 260 ## - PUBLICATION, DISTRIBUTION, ETC. | |
| Place of publication, distribution, etc. | Princeton, N.J. ; |
| -- | Woodstock : |
| Name of publisher, distributor, etc. | Princeton University Press, |
| Date of publication, distribution, etc. | c2009. |
| 300 ## - PHYSICAL DESCRIPTION | |
| Extent | xxv, 474 p. : |
| Other physical details | ill., maps ; |
| Dimensions | 24 cm. |
| 490 0# - SERIES STATEMENT | |
| Series statement | Princeton readings in religions. |
| 650 #0 - SUBJECT ADDED ENTRY--TOPICAL TERM | |
| Topical term or geographic name entry element | Islam |
| Geographic subdivision | South Asia. |
| 700 1# - ADDED ENTRY--PERSONAL NAME | |
| Personal name | Metcalf, Barbara Daly, |
| Dates associated with a name | 1941- |
| Withdrawn status | Lost status | Source of classification or shelving scheme | Damaged status | Not for loan | Collection code | Home library | Current library | Shelving location | Date acquired | Cost, normal purchase price | Serial Enumeration / chronology | Inventory number | Full call number | Barcode | Date last seen | Price effective from | Koha item type |
|---|---|---|---|---|---|---|---|---|---|---|---|---|---|---|---|---|---|
| Dewey Decimal Classification | Main TEST | RTC Library | RTC Library | Main opac | 08/03/2022 | 795.00 | 3194 | 297.09 MET | 30004984 | 27/11/2018 | 27/11/2018 | Main |